| 000 | 00682nam a2200241Ia 4500 | ||
|---|---|---|---|
| 003 | OSt | ||
| 005 | 20220925215314.0 | ||
| 006 | a|||||r|||| 00| 0 | ||
| 007 | ta | ||
| 008 | 220923b |||||||| |||| 00| 0 eng d | ||
| 037 | _cGeneral Book | ||
| 040 |
_aRTL _cRTL _beng |
||
| 041 |
_2eng _aeng |
||
| 082 | _aX:8D, L8 | ||
| 100 |
_aHingley Wilfred _9282544 |
||
| 245 | 0 | _aFinancial managemjent made a simple | |
| 260 |
_aLondon _bHeinemann UK _c1978 |
||
| 300 |
_axiii, 347p. Bibliography P 339-42 _ccm. |
||
| 650 | _aFinance | ||
| 700 |
_a Osborn Frank _9282545 |
||
| 942 |
_hX:8D, L8 _cGB _2CC |
||
| 999 |
_c568435 _d568435 |
||